DC Comics équipes - Statistiques

Statistiques générales
  • Ce quiz a été pris 380 fois
  • Le résultat moyen est 7 sur 23
Statistiques - réponses
Membres Clés Noms Equipes % Correct
Superman, Batman, Wonder Woman,... Justice League / JLA / Ligue de Justice
98%
Robin, Starfire, Raven,... Teen Titans
84%
Harley Quinn, Deadshot, Captain Boomerang,... Suicide Squad
77%
Batman, Nightwing, Robin,... Bat Family
58%
Oracle, Black Canary, Huntress Birds of Prey
41%
Mister Terrific, Doctor Fate, Atom Smasher,... Justice Society /JSA / Société de Justice
41%
Docteur Manhattan, Rorschach, Ozymandias,... Watchmen
39%
John Constantine, Zatanna, Deadman,... Justice League Dark
33%
Robot Man, Elasti-Girl, Negative Man,... Doom Patrol
31%
Lex Luthor, Joker, Cheetah,... Injustice League / Ligue d'Injustice
24%
Captain Marvel, Mary Marvel, Captain Marvel Jr Marvel Family / Famille Marvel
21%
Ultraman, Owlman, Super Woman,... Crime Syndicate of America / CSA / Syndicat du Crime
19%
Captain Cold, Heat Wave, Mirror Master,... Rogues / Lascars
19%
Black Lightning, Katana, Metamorpho,... Outsiders
18%
Kilowog,Mogo,Soranik Natu,... Green Lantern Corps / Corps des Green Lantern
17%
Cosmic Boy, Saturn Girl, Brainiac 5,... Legion of Superheroes / Légion des Super-héros
16%
Catwoman, Poison Ivy, Harley Quinn Gotham City Sirens / Sirènes de Gotham
15%
Or, Platine, Mercure,... Metal Men
15%
Oncle Sam, Human Bomb, The Ray,... Freedom Fighters / Les Combattants de la Liberté
9%
Blue Beetle, Black Canary, Mister Miracle,... Justice League International
8%
Ace Morgan, Prof Haley, Red Ryan,... Challengers of the Unknown / Les Challengers de l'Inconnu
5%
Vigilante, Shining Knight, Crimson Avenger,... Seven Soldiers of Victory / Les Sept Soldats de la Victoire
5%
Detective Chimp, Blue Devil, Ragman,... Shadowpact / Pacte des Ombres
4%
Aucun quiz correspondant
Distribution des résultats
% des personnes avec chaque résultat
Percentile par nombre de réponses
Votre historique - résultats
Vous n’avez pas pris ce quiz